Представление документа в формате RUSMARC

ПолеНазваниеЗначение
  Тип записи a
  Библиографический уровень m
001 Контрольный номер 365c8666ace64ed7aef2af5397e09e44
005 Дата корректировки 20140526192816.9
200 Заглавие и сведения об ответственности __
a Заглавие Экономика строительства
e Сведения, относящиеся к заглавию Учебник для вузов
f Первые сведения об ответственности Московский гос.строит.ун-т;И.С.Степанов,В.Я.Шайтанов,С.С.Романова и др.;Под ред.И.С.Степанова
210 Выходные данные __
c Издательство Юрайт
a Место издания М.
d Дата издания 1997
215 Физическое описание __
a Объем 412
300 Общие примечания __
a Общие примечания 10экз.
606 Тематические рубрики __
a Основная рубрика Экономика
610 Ключевые слова __
a Ключевые слова строительство (отрасль)
686 Индексы других классификаций __
a Классификационный индекс 65.9(2)31
2 Код системы rubbk
686 Индексы других классификаций __
a Классификационный индекс 65.9(2)31я73
2 Код системы rubbk
801 Источник записи _0
a Страна RU
b Организация РУК
c Дата составления 19980818
g Правила каталогизации PSBO
801 Источник записи _1
a Страна RU
b Организация РУК
c Дата составления 19980818
g Правила каталогизации PSBO
852 Данные о местонахождении __
i Авторский знак Э-40
j Шифр хранения 65.9(2)31я73
901 Тип документа __
t Тип документа m
938 Служебная информация __
a Название организации Головной вуз
b Имя БД BOOK
c Название АИБС АИБС ИРБИС